Oxford handbook of general practice (Record no. 33312)

MARC details
000 -LEADER
fixed length control field 00515nam a2200193Ia 4500
020 ## - INTERNATIONAL STANDARD BOOK NUMBER
ISBN 9780199671038
050 ## - CALL MARK
Classification number R 729.5 .S56/
100 ## - STATEMENT OF RESPONSIBILITY--MAIN AUTHOR NAME
Personal name Simon, Chantal
245 #0 - TITLE STATEMENT
Title Oxford handbook of general practice
250 ## - EDITION / VOLUME STATEMENT
Edition / Volume statement 4th ed.
260 ## - PUBLICATION, DISTRIBUTION, ETC. (IMPRINT)
Place of publication United Kingdom
260 ## - PUBLICATION, DISTRIBUTION, ETC. (IMPRINT)
Name of publisher Oxford of University Press
260 ## - PUBLICATION, DISTRIBUTION, ETC. (IMPRINT)
Year of publication 2015
300 ## - PHYSICAL DESCRIPTION
Number of Pages 1157 p
650 ## - SUBJECT ADDED ENTRY--TOPICAL TERM
Topical Term Physicians (General practice)--Handbooks, manuals, etc.
942 ## - ADDED ENTRY ELEMENTS (KOHA)
Koha item type Books
Holdings
Withdrawn status Lost status Source of classification or shelving scheme Damaged status Not for loan Permanent Location Current Location Shelving location Date acquired Accession Number Price effective from Koha item type
    Library of Congress Classification     College of Health Sciences Library College of Health Sciences Library Items on shelf 04/23/2025 0193524 04/23/2025 Books